000 00929nam a2200277Ia 4500
003 OSt
005 20221005110948.0
006 a|||||r|||| 00| 0
007 ta
008 221004b |||||||| |||| 00| 0 hin d
020 _a9788171195343 (hbk)
_c300
024 _a15790
037 _bBR6203, 25/12/2014, Rajkamal Prakashan Pvt. Ltd.
_cTextual
040 _aCRL
_cCRL
_bhin
041 _2hin
_ahin
082 _aO155,3N35,AC, 152M2;Q0
100 _aपवार, दया
245 0 _aअछूत
246 _aAchhūta
250 _a2 संस्करण
260 _aनई दिल्ली
_bराधाकृष्ण भारत
_c2012
300 _a195पृ0
_ccm.
650 _aमराठी साहित्य
942 _hO155,3N35,AC, 152M2;Q0
_cTEXL
_2cc
999 _c1020393
_d1020393